00923 a2200313 4500502002400000260001500024653001400039100002300053041000700076260003100083300001100114245011500125650001400240650001200254650001500266650001400281650004000295650002800335650002300363260002000386300002900406130000700435710002600442040001400468041000700482100008900489651001300578020001800591 aThèse de Doctorat aWageningen1 aAgronomie aANDERSSEN, Jens A. bEn bUniversité de Wageningen a175 p. aGoing places, staying home : rural-urban connections and the significance of land in Buhera district, Zimbabwe aMIGRATION aMIGRANT aETHNOLOGIE aPOLITIQUE aANTHROPOLOGIE SOCIALE ET CULTURELLE aRELATION VILLE CAMPAGNE aPOLITIQUE FONCIERE c04 january 2002 bIll., Couv. ill. ; 24 cm lEn aWageningen University aSupport  bEn uAbomey-Calavi, Université d'Abomey-Calavi, Faculté des Sciences Agronomiques, Bj aZIMBABWE a90-5808-553-8